| 000 | 00541nam a2200205Ia 4500 | ||
|---|---|---|---|
| 003 | OSt | ||
| 005 | 20240920141434.0 | ||
| 008 | 210210b2002 xxu||||| |||| 00| 0 eng d | ||
| 040 | _cAL | ||
| 041 | _aKannada | ||
| 082 | _aK894.3 BHAM | ||
| 100 |
_aBHAIRAPPA (S L). _9133253 _dಭೈರಪ್ಪ (ಎಸ್ ಎಲ್). |
||
| 245 |
_aMandra. _bಮಂದ್ರ |
||
| 260 |
_aBengaluru. _bSahitya Bhandara _c2002 |
||
| 300 | _a596 | ||
| 650 |
_aBHYRAPPA _9133254 |
||
| 690 |
_aKannada Fiction _9133255 |
||
| 906 | _a057416 | ||
| 942 |
_2ddc _cBK |
||
| 999 |
_c104988 _d104988 |
||